Les 20 préfectures les plus proches de Bourg en Bresse - Statistiques

Statistiques générales
  • Ce quiz a été pris 185 fois
  • Le résultat moyen est 15 sur 20
Statistiques - réponses
distance (en km) ville préfecture % Correct
58 Lyon
100%
78 Annecy
91%
125 Dijon
91%
32 Macon
91%
107 Saint-Etienne
91%
120 Grenoble
90%
172 Clermont-Ferrand
86%
89 Chambéry
85%
144 Valence
77%
130 Besançon
75%
58 Lons le Saunier
74%
202 Belfort
70%
166 Le Puy en Velay
68%
171 Privas
67%
217 Auxerre
66%
195 Gap
65%
181 Nevers
65%
151 Moulins
63%
173 Vesoul
56%
212 Chaumont
45%
Aucun quiz correspondant
Distribution des résultats
% des personnes avec chaque résultat
Percentile par nombre de réponses
Votre historique - résultats
Vous n’avez pas pris ce quiz